Anything but the Americas Quiz Stats

 Plays Quiz Updated Mar 28, 2019

Support Sporcle.
Go Orange.
Score 0/170 Timer 02:00
8 Plays Today
% Correct
???
37.1%
???
37%
???
36.9%
???
36.9%
???
36.8%
???
36.7%
???
36.8%
???
36.6%
???
36.6%
???
36.6%
???
36.5%
???
36.5%
???
36.5%
???
36.4%
???
36.4%
???
36.4%
???
36.4%
???
36.3%
???
36.3%
???
36.3%
???
36.3%
???
36.3%
???
36.2%
???
36.2%
???
36.3%
???
36.2%
???
36.2%
???
36.2%
???
36.2%
???
36.2%
???
36.2%
???
36.2%
???
36.1%
???
36.1%
???
36.1%
???
36.1%
???
36.1%
???
36.1%
???
36.1%
???
36.1%
???
36.1%
???
36.1%
???
36.1%
???
36.1%
???
36%
???
36%
???
36%
???
36%
???
36%
???
36%
???
36%
???
36%
???
35.9%
???
35.9%
???
35.9%
???
35.9%
???
35.9%
% Correct
???
35.9%
???
35.9%
???
35.9%
???
35.9%
???
35.8%
???
35.8%
???
35.8%
???
35.8%
???
35.8%
???
35.7%
???
35.7%
???
35.7%
???
35.7%
???
35.7%
???
35.7%
???
35.7%
???
35.7%
???
35.7%
???
35.7%
???
35.7%
???
35.6%
???
35.6%
???
35.6%
???
35.6%
???
35.6%
???
35.6%
???
35.6%
???
35.6%
???
35.5%
???
35.5%
???
35.5%
???
35.5%
???
35.5%
???
35.5%
???
35.4%
???
35.4%
???
35.4%
???
35.4%
???
35.4%
???
35.4%
???
35.4%
???
35.4%
???
35.3%
???
35.3%
???
35.3%
???
35.3%
???
35.2%
???
35.2%
???
35.2%
???
35.2%
???
35.2%
???
35.1%
???
35.1%
???
35%
???
35%
???
35%
???
35%
% Correct
???
34.9%
???
34.9%
???
34.8%
???
34.8%
???
34.8%
???
34.8%
???
34.8%
???
34.7%
???
34.7%
???
34.7%
???
34.6%
???
34.6%
???
34.4%
???
34.3%
???
34.3%
???
34.3%
???
34.2%
???
34.2%
???
34.1%
???
33.9%
???
33.7%
???
33.7%
???
33.5%
???
33.5%
???
33.5%
???
33.5%
???
33.3%
???
33.2%
???
32.9%
???
32.9%
???
32.9%
???
32.5%
???
32.4%
???
32.4%
???
32.3%
???
32.2%
???
32.2%
???
32%
???
32%
???
31.9%
???
31.8%
???
31.7%
???
31.5%
???
31.2%
???
31.1%
???
30.9%
???
30.9%
???
30.9%
???
30.6%
???
30%
???
26%
???
25.1%
???
23.7%
???
22.2%
???
15.5%
???
14.6%

You're not logged in!

Compare scores with friends on all Sporcle quizzes.
OR
Log In

From the Vault

Click the Super-Men!

by teedslaststand

How is it that people are always mistaking him for a bird or a plane?
Remove Ads.
Support Sporcle.
Get the best of Sporcle when you Go Orange. This ad-free experience offers more features, more stats, and more fun while also helping to support Sporcle. Thank you for becoming a member.

Show Comments

Extras

Top Quizzes Today


Score Distribution

Your Account Isn't Verified!

In order to create a playlist on Sporcle, you need to verify the email address you used during registration. Go to your Sporcle Settings to finish the process.

Report this User

Report this user for behavior that violates our Community Guidelines.

Details: